| 000 | 01048nam a2200277 i 4500 | ||
|---|---|---|---|
| 001 | 29255 | ||
| 003 | KOSZ 005 | ||
| 005 | 20191016080513.0 | ||
| 008 | 970904s1990 pl a f |100 0 pol | ||
| 015 | _aPB 1990/8389 | ||
| 035 | _a(OCoLC)834089637 | ||
| 040 |
_aWA N _cWA N _dKOSZ 005/EG |
||
| 041 | 0 |
_apol _beng |
|
| 080 | _a621 | ||
| 080 | _a(061.3) | ||
| 245 | 1 | 0 |
_aTendencje rozwojowe w technologii maszyn : _bVI ogólnopolska konferencja naukowo-techniczna. _nSekcja 1, _pObróbka skrawaniem / _cKomisja Technologii Budowy Maszyn Polskiej Akademii Nauk. Oddział w Poznaniu, Wyższa Szkoła Inżynierska im. Jurija Gagarina w Zielonej Górze. |
| 260 |
_aZielona Góra : _bWydaw. WSI, _c1990 |
||
| 300 |
_a172 s. : _brys., wykr. ; _c24 cm. |
||
| 380 | _aKsiążki. | ||
| 504 | _aBibliogr., summ. przy ref. | ||
| 650 | 4 | _aSkrawanie | |
| 650 | 4 | _aMaszyny | |
| 655 | 4 | _aMateriały konferencyjne | |
| 856 |
_uhttp://koha.tu.koszalin.pl/cgi-bin/koha/opac-detail.pl?biblionumber=29255 _yKatalog online BPK |
||
| 942 |
_2UKD _cKS |
||
| 999 |
_c29255 _d29255 |
||